000 00328nam a22001337a 4500
003 OSt
008 250212b |||||||| |||| 00| 0 eng d
041 _aeng
100 _aMacmilans, HF
_97125
245 _aTropical Planning and Gardening
260 _bMalayan Nature Society,
_c1991.
700 _aBarlow, HS
_97126
942 _cBK
999 _c19359
_d19359